000 00704cam a2200217 a 4500
001 000012021
003 DO-SdBNP
005 20251028142457.0
008 870311t19741974ve 001 0 spa
040 _aDO-SdBNP
_bspa
_cDLC
_dBNPHU
049 _aBNGR
082 _a398.41
_bC223u
100 1 _aCañizales Márquez, José,
_d1920-
_928431
245 1 4 _aUna extraña dama inglesa :
_bpaisajes y retratos /
_cJosé Cañizales Márquez.
260 _aCaracas, (Venezuela) :
_bMonte Ávila,
_c1974.
300 _a214 p. ;
_c18 cm.
651 4 _aAmérica Latina
_xDescripción y viajes
_928432
651 0 _aVenezuela
_xDescripción y viajes
_926230
910 _aCatalogación derivada
942 _2ddc
_cLBS1
999 _c11689
_d11689